A parent's guide to rowing
Guardat en:
| Autors principals: | , , |
|---|---|
| Format: | Llibre |
| Idioma: | anglès |
| Publicat: |
Oxford
APG
2009
|
| Matèries: | |
| Etiquetes: |
Afegir etiqueta
Sense etiquetes, Sigues el primer a etiquetar aquest registre!
|
MARC
| LEADER | 00000cam a2200000 a 4500 | ||
|---|---|---|---|
| 001 | UCF3266 | ||
| 003 | CL-VaPUC | ||
| 008 | 121004e20090000UK |||||||||||||||||eng|d | ||
| 020 | |a 978095667501 | ||
| 082 | 0 | 4 | |a 797.122 |b HAR |2 21 |
| 100 | 0 | |a Harry, Fiona |e author |9 565197 | |
| 700 | 0 | |a Banning, Anne |e author |9 565198 | |
| 700 | 0 | |a Lloyd, Hilary |e author |9 565199 | |
| 245 | 1 | 2 | |a A parent's guide to rowing |
| 300 | |a 127 p | ||
| 942 | |c BK | ||
| 945 | |d 20121004 00:00:00 |a dcastane | ||
| 260 | |a Oxford |b APG |c 2009 | ||
| 650 | 7 | |a CANOAS |2 CL-VaPUC |9 565200 | |
| 650 | 7 | |a REMO |2 CL-VaPUC |9 537214 | |
| 650 | 7 | |a DEPORTES ACUATICOS |2 CL-VaPUC |9 262007 | |
| 583 | |a last modification |c 20121004 18:42:00 |k Rodrigo Vera | ||
| 999 | |c 349727 |d 349725 | ||
| 952 | |0 0 |1 0 |4 0 |6 797_122000000000000_HAR_2009 |7 0 |8 C |9 452491 |a BIBCUR |b BIBCUR |d 2019-11-22 |i 4911970 |o 797.122 HAR 2009 |p 4911970 |r 2025-04-22 |w 2019-11-22 |y BK |k DEN | ||